00385nam a2200145Ia 4500008004100000020001500041041000800056082001700064100001800081245004900099250000600148260003900154300001200193650003400205210716s2004 xx 000 0 und d a8178089343 aeng a332.644 HULJ aHull, John C. aFundamentals of futures and options markets. a4 aNew DelhibPearson Educationc2004 axix,491 aDerivatives & Risk Management